000 00293nam a2200121Ia 4500
008 190216s9999||||xx |||||||||||||| ||und||
100 _aBhattacharya A B
245 0 _aEconomic Planning In India
260 _bRatan Prakashan Mandir
_c1979
300 _a265p
650 _aEconomics
942 _cBK
999 _c9370
_d9370